000 00760nam a2200205 i 4500
001 152605
003 ES-MaACL
005 20230906204819.0
008 051014s1874 gw | |||||||| ||eng d
040 _aCAM
_bspa
_cCAM
080 _a821.111-31"18"
100 1 _aBraddon, M. E. (
_d1837-1915)
_9126141
245 1 0 _aTaken at the flood
_b: a novel : in three volumes /
_cby M.E. Braddon.
260 _aLeipzig :
_bBernhard Tauchnitz,
_c1874.
300 _a3 v. (311; 311; 296 p. ) ;
_c17 cm.
490 1 _aCollection of British Authors ;
_v1413; 1414; 1415
830 0 _aCollection of British Authors ;
_v1413; 1414; 1415
_9180703
852 _aES-MaACL
_jG-11375
_z-- Enc. hol., conservando la enc. original
_z-- Enc. 3 t. en 1 v.
999 _c152605
_d152605